| 000 | 01052cam a2200289 a 4500 | ||
|---|---|---|---|
| 001 | 000011409 | ||
| 005 | 20200929162438.0 | ||
| 008 | 091016s2000 cr a 001 0 spa d | ||
| 020 | _a9968712019 | ||
| 040 |
_aDO-SdBNP _bspa, eng, fre, gem, ita _cBNPHU _dCatalogación noche |
||
| 082 |
_a917.86 _bM534c, 2000 |
||
| 100 | 1 |
_aMena Moya, Ramón A. _927051 |
|
| 245 | 1 | 0 |
_aCosta rica : _bnaturaleza y aventura / _cRamón A. Mena Moya. |
| 250 | _a3a ed. | ||
| 260 |
_aSan José, (Costa Rica) : _bLibrería Francesa, _c2000. |
||
| 300 |
_a116. : _bil. ; _c26 cm. |
||
| 490 | 1 | _aColección R.M | |
| 500 | _aContiene la información en varios idiomas (Español, Inglés, Francés, Italiano y Alemán) | ||
| 651 | 4 |
_aCosta Rica _xDescripción Y Viajes _927052 |
|
| 651 | 4 |
_aCosta Rica _xVida Social Y Costumbres _927053 |
|
| 651 | 4 |
_aCosta Rica _xCondiciones Económicas _927054 |
|
| 650 | 4 |
_aCultura _zCosta Rica _927055 |
|
| 651 | 4 |
_aCosta Rica _xHistoria _99069 |
|
| 830 | 0 |
_aColección R.M. _927056 |
|
| 910 | _aCatalogación derivada | ||
| 049 | _aBNGR | ||
| 999 |
_c11115 _d11115 |
||